| 000 | 00407nam a2200169 i 4500 | ||
|---|---|---|---|
| 001 | bg | ||
| 100 | 1 | _aCZERWIŃSKI, Andrzej | |
| 245 | 0 |
_aWstęp do sozologii / _cA. Czerwiński, L. Czaja. |
|
| 250 | _aWyd.2. | ||
| 260 |
_aBiałystok, _c1991. |
||
| 700 | 1 | _aCZAJA, Leszek | |
| 040 | _cBPK | ||
| 041 | _apol | ||
| 080 | _a504(438):574](075.8) | ||
| 942 | _cKS | ||
| 008 | s pl f |000 0 pol | ||
| 999 |
_c4673 _d4673 |
||
| 856 |
_uhttp://koha.tu.koszalin.pl/cgi-bin/koha/opac-detail.pl?biblionumber=4673 _yKatalog online BPK |
||